Pick the Kitchen Utensil II Quiz Stats

 Plays Quiz Updated Aug 2, 2018

Challenge
Share
Tweet
Score 0/19 Timer 05:00
12 Plays Today
% Correct
Oven Gloves
98%
Pizza Cutter
97.9%
Ice Cube Tray
97.8%
Funnel
97.8%
Scales
97.5%
Kettle
97.4%
Tongs
97.4%
Basic Spoon
97%
Fork
96.5%
Mortar and Pestle
96.2%
% Correct
Honey Dipper
96.1%
Peeler
95.9%
Handheld Mixer
95.6%
Citrus Juicer
95.3%
Garlic Press
95.1%
Apple Slicer
92.2%
Food Mill
91.5%
Skimmer
91.4%
Salad Spinner
88.6%

You're not logged in!

Compare scores with friends on all Sporcle quizzes.
Join for Free
OR
Log In

You Might Also Like...

Show Comments

Extras

Top Quizzes Today


Score Distribution

Your Account Isn't Verified!

In order to create a playlist on Sporcle, you need to verify the email address you used during registration. Go to your Sporcle Settings to finish the process.

Report this User

Report this user for behavior that violates our Community Guidelines.

Details: